000 00468nam a2200169Ia 4500
005 20250508160119.0
008 008 250505s9999 xx 000 0 eng d
037 _aBooks to be hide in OPAC
040 _aFEDL
_beng
_cFEDL
041 _aeng
_2eng
084 _a001, BRI
_qFEDL
245 0 _aFoundations and the tax bill
260 _aNew York, USA
_bThe Foundation Center
_c1969
300 _a73p.
942 _cHB
_h001, BRI
999 _c1361837
_d1361837